01035nam a2200277Ia 450000500170000000800410001702000190005810000160007724501190009325000390021230000430025149000510029465000410034565000450038665000370043170000390046870000370050794200150054426400490055933600270060833700330063533800280066804000350069608400110073199900150074220220317001133.0160825s2007 mx a g 000 0 spa  a978968166040121 aHowe, James13aLa posada del aullidocJames Howe; ilustrado por Francisco Nava Bouchaín; traducido por Juan Elías Tovar Cross a1a. edición b3a. reimpresión  a155 páginas bilustraciones c19 cm  aA la orilla del vientoppara los que leen bien142LEMBaNovela juvenil estadounidense 142LEMBaLiteratura juvenil estadounidense 142LEMBaAnimales en la literatura 1 aNava Bouchaín, Francisco 9666601 aTovar Cross, Juan Elías966661 2loccBKLIT aMéxicobFondo de Cultura Económicac2007 atextobtxt2rdacontent asin mediaciónbn2rdamedia avolumenbnc2rdacarrier aCO-BoRNBPbspaerdacCO-BoRNBP aN HOW3 c6041d6041